书目信息 |
| 题名: |
土木工程测量
|
|
| 作者: | 郭宗河 , 朱爱民 主编 | |
| 分册: | ||
| 出版信息: | 北京 机械工业出版社 2005.02 |
|
| 页数: | X, 286页 | |
| 开本: | 26cm | |
| 丛书名: | 21世纪高等教育土木工程系列规划教材 | |
| 单 册: | ||
| 中图分类: | TU198 | |
| 科图分类: | ||
| 主题词: | 建筑测量 , 建筑测量--建筑制图 | |
| 电子资源: | ||
| ISBN: | 7-111-15678-1 | |
| 000 | 00721nam 2200217 450 | |
| 001 | CAL 012005032313 | |
| 005 | 20120407120203.03 | |
| 010 | @a7-111-15678-1@dCNY 25.00 | |
| 099 | @aCAL 012005032313 | |
| 200 | 1 | @a土木工程测量@Acha mu gong cheng ce liang@f朱爱民, 郭宗河主编@Fzhu ai min,guo zong he zhu bian |
| 210 | @a北京@c机械工业出版社@d2005.02 | |
| 215 | @aX, 286页@c图@d26cm | |
| 225 | 2 | @a21世纪高等教育土木工程系列规划教材@A21 shi ji gao deng jiao yu tu mu gong cheng xi lie gui hua jiao cai |
| 320 | @a有书目 | |
| 606 | 0 | @a建筑测量 |
| 606 | 0 | @a建筑测量@x建筑制图 |
| 690 | @aTU198@v4 | |
| 701 | 0 | @a郭宗河@Aguo zong he@4主编 |
| 701 | 0 | @a朱爱民@Azhu ai min@4主编 |
| 801 | 0 | @c20071212 |
| 905 | @a10447@dTU198@eZ834 | |
| 土木工程测量/朱爱民, 郭宗河主编.-北京:机械工业出版社,2005.02 |
| X, 286页:图;26cm.-(21世纪高等教育土木工程系列规划教材) |
| ISBN 7-111-15678-1:CNY 25.00 |
| ● |
| 相关链接 |
|
|
|
正题名:土木工程测量
索取号:TU198/Z834
 
预约/预借
| 序号 | 登录号 | 条形码 | 馆藏地/架位号 | 状态 | 备注 |
| 1 | 485309 | 204853097 | 土木与交通工程学院资料室/ [索取号:TU198/Z834] | 在馆 | |
| 2 | 602688 | 206026888 | 建筑库101/101建筑库 29排2列1层/ [索取号:TU198/Z834] | 在馆 | |
| 3 | 602689 | 206026897 | 建筑库101/101建筑库 29排2列1层/ [索取号:TU198/Z834] | 在馆 | |
| 4 | 602690 | 206026904 | 建筑库101/101建筑库 29排2列1层/ [索取号:TU198/Z834] | 在馆 |